000
00242nam a2200097Ia 4500
001
1252015
005
20251031150926.0
008
251031s9999 xx 000 0 und d
245
0
_c
TURGUT ERBEK
_a
R-5 YANIK DEĞİRMEN
260
_b
CAN YAYINLARI
999
_c
1252015
_d
1252015